000 00736nam a2200289Ia 4500
005 20260324123201.0
008 008 260324s9999 xx 000 0 eng d
020 _a9781315592855
037 _aEBOOK
040 _aCRL
040 _beng
040 _cCRL
041 _2eng
041 _aeng
084 _qCRL
100 _aPaula S. Ross; Jay D. Gatrell; Neil Reid
_91169345
245 0 _aLocal Food Systems in Old Industrial Regions
245 0 _bConcepts, Spatial Context, and Local Practices
260 _bTaylor and Francis
260 _c2012
365 _a
365 _b240
856 _uhttp://www.taylorfrancis.com/books/9781315592855
942 _cEBOOK
999 _c1762638
_d1762638